| 000 | 00593cam a2200205 a 4500 | ||
|---|---|---|---|
| 020 | _a0072287241 | ||
| 040 | _cDLC | ||
| 082 | 0 | 0 | _a370 MCG 2000 A021 Or. |
| 100 | 1 | _aCushner, Kenneth. | |
| 245 | 1 | 0 |
_aHuman diversity in education : _ban integrative approach / |
| 250 | _a3rd ed. | ||
| 260 |
_aBoston : _bMcGraw-Hill, _cc2000. |
||
| 300 |
_axviii, 366 p. : _bill. ; _c25 cm. |
||
| 650 | 0 | _aMulticultural education | |
| 650 | 0 | _aIndividual differences in children | |
| 650 | 0 | _aSex differences in education | |
| 700 | 1 | _aMcClelland, Averil. | |
| 700 | 1 | _aSafford, Philip L. | |
| 942 | _cEK | ||
| 999 |
_c12842 _d12842 |
||